| 000 | 00489nam a2200181Ia 4500 | ||
|---|---|---|---|
| 005 | 20250508152952.0 | ||
| 008 | 008 250505s9999 xx 000 0 hin d | ||
| 037 | _aTextual | ||
| 040 |
_aFEDL _beng _cFEDL |
||
| 041 |
_ahin _2eng |
||
| 084 |
_a923.7, SAH _qFEDL |
||
| 100 | _aSahgal Manmohan | ||
| 245 | 0 | _aAdunik shikshashastri | |
| 260 |
_aDelhi, India _bDelhi Pathya Pustak Sadan _c1961 |
||
| 300 | _a131p. | ||
| 942 |
_cTEXL _h923.7, SAH |
||
| 999 |
_c1339900 _d1339900 |
||